films à huis clos mortels pour spécialistes - Statistiques

Statistiques générales
  • Ce quiz a été pris 49 fois
  • Le résultat moyen est 3 sur 20
Statistiques - réponses
Descriptions Films % Correct
Horreur/Science Fiction Canada 1997 : Un homme s’éveille au centre d’une pièce cubique vide, possédant des issues au centre de toutes ses faces. Cube
91%
Horreur Thriller USA 2004 : Dans une salle de bain désaffectée, le photographe Adam et le docteur Gordon se réveillent, aux coins opposés de la pièce Saw
91%
Horreur France 2023 : Kaleb rentre chez lui avec une araignée venimeuse et la laisse accidentellement s'échapper. Les habitants de son immeuble de cité vont devoir se battre pour leur survie Vermines
28%
Drame/Thriller USA 2015 : Cinquante personnes reprennent conscience dans une pièce close sans se souvenir de comment elles sont arrivées là Circle ou Cercle
20%
Science Fiction IRL BEL DAN 2019 : Un jeune couple se retrouve piégé dans un lotissement de maisons identiques appelé « Vauvert » (« Yonder » en version originale) Vivarium
17%
Thriller Psychologique USA 2019 : À Chicago, six personnes qui ne se connaissent pas, d'âge et de rang social différents, reçoivent un colis contenant un étrange cube noir. Escape Game
15%
Thriller Psychologique UK 2009 : Des candidats soignent leur apparence pour passer un examen pour être embauché par une importante société. Un seul poste est proposé. Exam
11%
Horreur Thriller USA 2016 : Dans un grand building isolé de tout à Bogotá en Colombie, une voix soumet un dilemme crucial aux 83 expatriés américains : ils doivent s'entretuer dans un temps imparti. The Belko Experiment
11%
Thriller USA 2010 : Un groupe de cinq personnes se retrouve coincé dans l'ascenseur d'un gratte-ciel, cependant, l'une d'entre elles s'avère être le diable. Devil
9%
Horreur USA 2009 : Cinq personnes se réveillent enfermées dans un puits. Ils n'ont rien à manger. Ils réalisent qu'ils sont les cobayes d'une expérience sadique pour tester la volonté humaine de survie. Affamés
4%
Thriller Espagne 2007 : Après avoir résolu une énigme, quatre mathématiciens qui ne se connaissent pas sont invités à un mystérieux colloque La cellule de Fermat
4%
Drame ESP-ARG-ITA 2005 : A Madrid, en pleine manif, sept candidats, cinq hommes et deux femmes, se rendent à un entretien d'embauche pour un poste de cadre La Méthode
4%
Drame Horreur Thriller USA 2009 : Neuf personnes, avec un lien qui les unit tous, sont enlevées et enfermées dans une pièce glauque et douteuse Nine Dead
2%
Epouvante Horreur Australie 2012 : Un boss, anciennement accusé de plusieurs meurtres, crée une société dans le but de kidnapper et torturer six employés de sa multinationale Redd Inc.
2%
Horreur Slasher USA 2016 : Cinq membres d'un groupe de saltimbanques sont kidnappés et retenus en otage une nuit avant Halloween, et emmenés dans un complexe secret appelé "Murder World" 31
0%
Film USA 2008 : Jetée nue avec 13 étrangers dans une salle vide, Tonya découvre qu'elle est la finaliste d'un jeu mortel. Tous les participants sont maintenus prisonniers par des colliers électroniques chargés de poison. Breathing Room
0%
Horreur Thriller USA 2011 : Neuf personnes montent à bord d'un ascenseur dans un gratte-ciel de New York comportant 52 étages. L une d'elles appuie sur le bouton d'arret d'urgence. Elevator
0%
Horreur Psychologique UK ROU ALL FRA 2005 : Neuf personnes, à première vue sans aucun lien les unes avec les autres, sont enlevées et se réveillent enfermées dans un manoir. House of 9 (le Piège)
0%
Science Fiction USA 2013 : Dans une ville américaine, 79 personnes disparaissent dans un éclair de lumière et se retrouvent dans un lieu fermé constitué de plusieurs bâtiments et de terrains vagues. The Human Race
0%
Thriller USA 2009 : Quatre personnes s'inscrivent à un programme de recherche en psychologie et se retrouvent au cœur d'une expérience brutale The Killing Room
0%
Aucun quiz correspondant
Distribution des résultats
% des personnes avec chaque résultat
Percentile par nombre de réponses
Votre historique - résultats
Vous n’avez pas pris ce quiz